[Event "77th Armenian Women Championship 2022"]
[Site "Yerevan"]
[Date "2022.01.17"]
[Round "6.1"]
[White "Khachatryan, Veronika"]
[Black "Yedigaryan, Asya"]
[Result "1-0"]
[WhiteElo "2007"]
[BlackElo "2022"]
[Annotator "TA"]
[PlyCount "133"]
[EventDate "2022.01.12"]
[EventType "tourn"]
[EventCountry "ARM"]
[SourceTitle "playchess.com"]
[Source "ChessBase"]
[SourceQuality "1"]

{[%evp 13,133,0,0,0,9,-8,30,33,39,-9,-14,-13,-2,-3,16,0,20,23,30,24,27,25,38,12,12,6,12,0,0,-81,-87,-89,-42,-47,-47,-97,-82,-104,-98,-221,-75,-75,-72,-99,0,0,0,0,0,0,0,0,0,0,0,0,0,-7,0,0,0,-22,6,7,120,134,123,130,113,63,285,153,138,128,180,186,178,114,142,117,108,95,180,179,2031,1794,2214,1947,1779,1772,1772,1772,1729,1680,5612,5095,29967,29969,29977,29977,29979,29980,29980,29975,29980,29979,29979,29980,29981,29981,29981,29982,29982,29983,29983,29984,29983,29984,29986,29985,29985,29986]} 1. d4 Nf6 2. Nf3 e6 3. Bf4 c5 4. e3 d5 5. Nbd2 Nc6 6. c3 Bd6 7. Bg3 O-O 8. Bb5 {D02: 1 d4 d5 2 Nf3 sidelines, including 2...Nf6 3 g3 and 2...Nf6 3 Bf4.} Ne7 9. Bd3 cxd4 10. exd4 {White has an edge.} Nf5 {[#]} 11. Bxf5 $146 (11. Be5 $14) ({Predecessor:} 11. O-O Nxg3 12. hxg3 Nd7 13. Re1 g6 14. Nf1 Re8 15. Ne3 Bf8 16. Qe2 Bg7 17. Nxd5 {1-0 (26) Le,T (2501)-Oleksienko,M (2585) Chess.com INT 2020}) 11... exf5 $11 12. Bxd6 Qxd6 13. O-O Be6 14. Ne5 Rfc8 15. Nd3 b6 16. Re1 Re8 17. Nf1 Re7 18. f3 Rae8 19. Qd2 Nh5 20. Qg5 g6 {[%cal Bg7g6,Bg6g5,Bg5f4][%mdl 32]} 21. g4 {[#]} (21. Ng3 $11 {keeps the balance.} f6 22. Qh4 Nxg3 23. Qxg3 Qxg3 24. hxg3) 21... f6 $1 22. Qh4 fxg4 23. fxg4 Nf4 24. Qg3 ({Better is} 24. Nxf4 $15 g5 25. Qf2 (25. Rxe6 $2 Rxe6 26. Qf2 Qxf4 $19) 25... gxf4 26. h3) 24... g5 $17 25. Nxf4 gxf4 26. Qf3 (26. Qh4 $17) 26... Rg7 (26... Kh8 $1 $19 {[%cal Oe6g4] is more deadly. ...Bxg4! is the strong threat.} 27. Qf2 Rg8) 27. h3 h5 {[%cal Rh5g4]} 28. Nh2 f5 (28... Ree7 $1 $17 29. Kh1 hxg4 30. Nxg4 Kf8) 29. g5 $11 Rxg5+ 30. Kh1 Bf7 {White must now prevent ...Re4.} 31. Rxe8+ Bxe8 32. Rf1 Bb5 33. Qxf4 Qxf4 34. Rxf4 {[%mdl 4096] Endgame KRB-KRN} Bd3 {aiming for ...Be4+.} 35. Nf3 Rg7 36. Kh2 Be4 37. h4 b5 38. Ng5 Bb1 (38... Re7 $1 $11) 39. Rf1 $1 $16 Bd3 40. Re1 {[%cal Re1e8]} Be4 41. Kg3 (41. Rg1 $1 $16) 41... b4 $2 (41... Kf8 $14) 42. Kf4 (42. cxb4 $18 {Threatens to win with Rc1.} Rc7 43. Kf4) 42... bxc3 43. bxc3 ({Of course not} 43. Nxe4 $6 Rg4+ 44. Kxf5 Rxe4 45. Rg1+ (45. Rxe4 $2 dxe4 46. bxc3 e3 $19) 45... Rg4 $11) 43... Rc7 (43... Re7 $16) 44. Rg1 $18 ({Don't play} 44. Nxe4 $6 fxe4 45. Ke5 Rxc3 $16) 44... Kh8 45. Ke5 (45. Rc1 $18) 45... Rxc3 $16 46. Kf6 Rc6+ {[#]} 47. Ne6 $1 {And now Kf7 would win.} f4 {[#]} (47... Rb6 $16) 48. Kf7 $1 $18 {White threatens Rg8+ and mate.} Rxe6 $2 (48... f3 {is a self mate.} 49. Rg8+ Kh7 50. Ng5+ Kh6 51. Rh8+) (48... Rc8) 49. Kxe6 {KR-KB} f3 50. Rf1 Kg7 51. Ke5 Kf7 52. Kf4 Kf6 53. Ke3 a5 54. Rg1 a4 55. a3 {White mates.} Ke6 56. Rg5 Kd6 57. Rxh5 Kc6 58. Rh6+ Kb5 59. Re6 Kc4 60. h5 {[%cal Bh4h5,Bh5h6][%mdl 32]} Bb1 61. h6 f2 62. Kxf2 Kxd4 63. Re7 Kc4 64. h7 Bxh7 65. Rxh7 d4 66. Rh3 d3 67. Ke1 {Never resign too early!  Weighted Error Value: White=0.14 (very precise) /Black=0.39} 1-0

[Event "77th Armenian Women Championship 2022"]
[Site "Yerevan"]
[Date "2022.01.17"]
[Round "6.2"]
[White "Gasparian, Narine"]
[Black "Gevorgyan, Maria"]
[Result "1/2-1/2"]
[WhiteElo "2004"]
[BlackElo "2218"]
[Annotator "TA"]
[PlyCount "76"]
[EventDate "2022.01.12"]
[EventType "tourn"]
[EventCountry "ARM"]
[SourceTitle "playchess.com"]
[Source "ChessBase"]
[SourceQuality "1"]

{[%evp 18,76,0,-8,-15,-6,-4,-60,-9,-8,-7,-6,0,0,0,0,0,0,0,-44,-44,-60,0,0,0,-10,0,0,0,0,0,0,0,0,0,-45,0,0,14,14,14,14,14,8,48,55,92,88,85,51,43,48,143,0,0,0,0,0,0,0,0]} 1. d4 {[%cal Bd2d4,Bd4d5][%mdl 32]} Nf6 2. Nf3 g6 3. c4 c5 4. d5 d6 5. Nc3 Bg7 6. g3 O-O 7. Bg2 e6 8. O-O exd5 9. Nxd5 Nxd5 10. Qxd5 Nc6 {E64: King's Indian: Fianchetto: 6...c5 7 d5.} 11. Bf4 Be6 12. Qxd6 ({White should try} 12. Qd3 $11) 12... Bxc4 (12... Qb6 $1 $15) 13. Qxc5 $11 Bxe2 14. Rfe1 Re8 15. Rac1 {[#]} Bxb2 $146 ({Predecessor:} 15... Nd4 16. Nxd4 Bxd4 17. Qc2 Bxf2+ 18. Kh1 Bxe1 19. Rxe1 Rc8 20. Qb3 Bc4 21. Qb4 Rxe1+ 22. Qxe1 {0-1 (29) Mak,O-De Haro,M Sao Paulo 1975}) 16. Rc2 {[%csl LRb2,LRe2]} Nd4 17. Nxd4 Bxd4 18. Qd5 (18. Qb4 $11 {feels stronger.} a5 19. Qd2) 18... Ba6 $15 19. Rd1 {[#]} Qf6 20. Bg5 $11 Qb6 21. h4 h6 {[%cal Oa6d3]} 22. Qxd4 Re1+ 23. Kh2 Rxd1 24. Qxd1 hxg5 25. hxg5 Rd8 26. Qg4 (26. Qe1 $11) 26... Kg7 (26... Bd3 $1 $15 {should be considered.} 27. Rd2 Bf5) 27. Qf4 {Threatens to win with Rc7.} Qe6 {aiming for ...Rh8+.} 28. Bh3 Qd6 (28... Rh8 $2 29. Qd4+ Kg8 30. Qd8+ Kh7 31. Qxh8+ $3 {[%mdl 512]} (31. Bxe6 Rxd8 32. Rc7 Rd2 $16) 31... Kxh8 32. Bxe6 fxe6 33. Rc8+ Kh7 34. Rc7+ Kg8 35. f4 $18) 29. Rc7 Qxf4 30. gxf4 {[%mdl 4096] Endgame Black must now prevent Be6. KRB-KRB} Kf8 (30... Rd2 $2 31. Be6 $18) 31. Bd7 $1 Kg8 32. a4 Rb8 33. f5 {White is more active.} gxf5 $1 34. Bxf5 Rd8 {[#]} (34... Be2 $14) 35. Rc8 (35. Bd7 $1 $16) 35... Rxc8 {The position is equal.} 36. Bxc8 Kg7 37. Kg3 Kg6 38. Kf4 f6 {Weighted Error Value: White=0.17 (very precise) /Black=0.13 (very precise)} 1/2-1/2

[Event "77th Armenian Women Championship 2022"]
[Site "Yerevan"]
[Date "2022.01.17"]
[Round "6.3"]
[White "Gaboyan, Susanna"]
[Black "Hakobyan, Astghik"]
[Result "1/2-1/2"]
[WhiteElo "2254"]
[BlackElo "2053"]
[Annotator "TA"]
[PlyCount "148"]
[EventDate "2022.01.12"]
[EventType "tourn"]
[EventCountry "ARM"]
[SourceTitle "playchess.com"]
[Source "ChessBase"]
[SourceQuality "1"]

{[%evp 10,147,0,-14,0,0,0,0,0,0,17,6,12,18,12,13,12,13,22,-86,0,0,19,24,22,-23,-19,-27,-33,-27,-26,-45,-47,-72,-66,-114,-120,-208,-212,-214,-197,-212,-204,-243,-223,-250,-90,-110,-75,-77,-80,-81,-28,-69,-31,-16,0,0,89,91,79,0,62,43,25,-239,-236,-238,-239,-238,-220,-208,-185,-168,-152,-216,-205,-198,-116,-116,-116,-116,-8,-7,0,-320,-8,-8,0,-117,-168,-785,-747,-784,-817,-766,-727,-520,-351,-838,-834,-1564,0,0,110,0,0,-8,0,0,0,-8,-8,-418,-8,-8,-8,-8,-8,-175,-166,-166,-166,-175,-175,-175,-175,-175,-175,-175,-175,-175,-175,-175,-175,-175,-175,-175,0,0]} 1. e4 e6 2. d4 d5 3. Bd3 {[%cal Bf1d3,Bd3e4,Be4f3][%mdl 32]} dxe4 4. Bxe4 Nf6 5. Bf3 c5 6. Ne2 {[%cal Bg1e2,Be2d4,Bd4b5][%mdl 32]} Nc6 {[%cal Rc5d4] C01: French: Exchange Variation.} 7. Be3 cxd4 8. Nxd4 Ne5 9. Nc3 Bb4 10. Ndb5 {Black should prevent Qxd8+.} Qa5 11. O-O {[#]} Nxf3+ $146 ({Predecessor:} 11... O-O 12. a3 Bxc3 13. Nxc3 Rd8 14. Qe2 Nxf3+ 15. Qxf3 Bd7 16. Rad1 Bc6 17. Qg3 Qf5 {½-½ (58) Le,T (2514)-Erigaisi,A (2626) Chess.com INT 2021}) 12. Qxf3 a6 {[#]} 13. Qg3 $1 O-O $1 (13... axb5 14. Qxg7 Rg8 15. Qxf6 $16) 14. Bd4 Nh5 ({Black should try} 14... e5 $1 $17 {[%cal Re5d4]} 15. Qxe5 (15. Bxe5 Nh5 $17) 15... axb5) 15. Qe5 $11 f6 16. Qxh5 {[%cal Od4c5]} e5 {[#]} 17. Nd5 Qxb5 18. Nb6 Rb8 $36 {[%mdl 2048] Black fights for an advantage.} 19. c4 Qc6 20. Be3 Be6 21. c5 Rfd8 {[%cal Bf8d8,Bd8d3,Bd3e3,Be3e4][%mdl 32]} (21... Bxc5 22. Rac1 Qxb6 23. Bxc5 Qxb2 24. Bxf8 Rxf8 25. Rb1 Qxa2 26. Rxb7 $14) 22. Rfc1 (22. Qe2 $15 {might be stronger.}) 22... Bd2 $17 23. Rc2 (23. Bxd2 $17 Rxd2 24. Nc4) 23... Bxe3 $1 $19 24. fxe3 Qe4 {[%csl LRc2,LRe3]} 25. Qe2 Rd3 26. Rd2 Rxe3 27. Qf1 {[#]} Qb4 $2 (27... Bxa2 $1 $19 {[%mdl 512] is more deadly. And now ...Bb3 would win.} 28. Rc1 (28. Rxa2 $2 Re1 $19) (28. Rad1 Be6) 28... Be6) 28. Qf2 $17 Re4 ({Don't play} 28... Qxc5 $6 29. Na4 Qc6 30. Qxe3 $11) 29. a3 Qb5 30. h3 Rf8 (30... Rf4 $17 31. Qe3 Qb3 32. Qxb3 Bxb3) 31. Rc1 (31. b4 $11 {was preferrable.}) 31... f5 32. b4 f4 {[%cal Of4f3]} 33. Re1 Bf5 (33... Rxe1+ $11 34. Qxe1 f3 35. Qxe5 Qc6) 34. Rxe4 $1 $16 {White is more active.} Bxe4 35. Rd7 (35. Qe1 $1 $16 {[%cal Re1e4]} Bc6 36. Qxe5) 35... f3 (35... Bc6 $11 36. Qa2+ Kh8) 36. Qa2+ $1 $14 Kh8 {[#]} 37. Rf7 $2 {[%mdl 8192]} (37. Qf7 $1 $11 Rg8 38. Nc4 (38. gxf3 Bg6 $11)) 37... Qe8 $19 38. Rxf8+ Qxf8 39. Qf2 Qf4 40. gxf3 Bxf3 41. Nc4 {[%cal Oc4e5]} e4 {Hoping for ...Qc1+.} 42. Ne3 (42. Nd2 $17 {keeps fighting.}) 42... Qg5+ 43. Kh2 {[%cal Of2g3]} Qe5+ (43... h6 $19 {Threatens to win with ...Qe5+.} 44. Ng2 Qe5+ 45. Kg1 Qa1+ 46. Ne1 Qxa3) 44. Qg3 $17 Qb2+ 45. Kg1 {[%cal Rg3b8]} Qc1+ (45... h6 $1 $17 46. Qf4 Qc1+ 47. Kf2 Qd2+ 48. Kg1 Kg8 49. Qb8+ Kh7) 46. Nf1 $11 {[%cal Rg3b8]} h5 47. Qd6 $2 {[%mdl 8192]} (47. Qb8+ $1 $11 Kh7 48. Qe5) 47... Kh7 $2 (47... Be2 $1 $19 48. Qf8+ Kh7) 48. Qe5 $1 h4 49. Qf5+ (49. a4 $1 $11) 49... Kh6 $17 {Strongly threatening ...Qg5+.} 50. Qe6+ $2 (50. a4) 50... g6 $1 $19 51. Qe5 Qg5+ 52. Qxg5+ Kxg5 {[%mdl 4096] Endgame KB-KN} 53. Kf2 Kf4 54. Ne3 $2 (54. a4 Ke5 55. b5) 54... g5 55. a4 Bh5 $2 (55... g4 $1 $19 {[%cal Rg4g3] ( -> ...g3+)} 56. b5 axb5 57. axb5 g3+ 58. Kg1 Be2 59. Ng2+ Kg5) 56. b5 $1 $11 axb5 (56... Be8 $1 $11 57. c6 Bxc6 $1 58. bxc6 bxc6) 57. axb5 ({White must play} 57. c6 $1 $16 {[%cal Rc6b7]} bxc6 58. a5) 57... Ke5 58. c6 bxc6 59. Nc4+ Ke6 $1 60. b6 Kd7 {...c5 is the strong threat.} 61. Ke3 $2 {[%mdl 8192]} (61. Ne5+ $1 $11 {and White stays safe.} Kc8 62. Nxc6) 61... Bf3 $2 (61... c5 $19 {aiming for ...Kc6.} 62. Kxe4 Be2 63. Ne5+ Kc8) 62. Ne5+ $1 Kc8 63. Nxc6 g4 (63... Bg2 $5 64. Ne5 Kb7 $11) 64. Ne5 $2 {[#]} (64. Nd4 $11) 64... g3 $1 $19 ({Stronger than} 64... gxh3 65. b7+ Kb8 66. Nxf3 $11) 65. Nxf3 exf3 66. Kxf3 {KPP-KPP} Kb7 67. Kg2 Kxb6 {KPP-KP} 68. Kg1 Kc5 69. Kg2 Kd4 70. Kg1 Ke3 71. Kg2 Kf4 72. Kg1 Kf3 73. Kf1 {[#]} g2+ $2 (73... Ke4 $1 $19 {White must now prevent ...Kf3.} 74. Ke2 Kf4) 74. Kg1 $11 Kg3 {Weighted Error Value: White=0.50/Black=0.37} 1/2-1/2

[Event "77th Armenian Women Championship 2022"]
[Site "Yerevan"]
[Date "2022.01.17"]
[Round "6.4"]
[White "Arakelyan, Nare"]
[Black "Mkrtchyan, Mariam"]
[Result "0-1"]
[WhiteElo "1912"]
[BlackElo "2262"]
[Annotator "TA"]
[PlyCount "84"]
[EventDate "2022.01.12"]
[EventType "tourn"]
[EventCountry "ARM"]
[SourceTitle "playchess.com"]
[Source "ChessBase"]
[SourceQuality "1"]

{[%evp 14,84,26,25,20,18,38,23,27,19,22,0,0,0,0,0,4,0,0,-7,0,0,0,-30,-30,-27,-9,-11,0,-15,18,-43,27,0,0,0,0,-6,0,0,0,-44,0,-19,-17,-35,-29,-37,-4,-47,-33,-56,-62,-65,0,-263,-45,-247,-234,-229,-242,-429,-405,-504,-481,-517,-509,-505,-507,-467,-423,-831,-797]} 1. e4 c6 2. d4 d5 3. Nc3 dxe4 4. Nxe4 Nf6 5. Nxf6+ exf6 6. c3 Bd6 7. Bd3 O-O 8. Qc2 Re8+ {B15: Caro-Kann: 3 Nc3: 3...g6 and 3...dxe4 4 Nxe4 Nf6 5 Nxf6+ exf6.} 9. Ne2 h5 10. Be3 Nd7 {White has an edge.} 11. O-O-O Nf8 12. Kb1 Be6 13. c4 {[%cal Bc3c4,Bc4c5][%mdl 32]} Rc8 14. h3 {[%cal Og2g4]} h4 15. Rhe1 b5 16. c5 Bc7 17. Nc3 {[%cal Od4d5] [#]} Ba5 $146 ({Predecessor:} 17... b4 18. d5 cxd5 19. Nb5 a6 20. Nxc7 Qxc7 21. f4 a5 22. f5 Bd7 23. Qf2 b3 24. axb3 {1-0 (43) Spitzl,V (2241)-Jarmula,L (2512) Warsaw 2018}) 18. Rg1 Bxc3 19. bxc3 Ng6 {Prevents Bf4.} 20. g3 (20. Bxg6 fxg6 21. Ka1 Qd5 $17) 20... Qd5 21. Ka1 Kf8 22. Rb1 ({White should try} 22. Be4 $11 Qd7 23. Bxg6 fxg6 24. Qxg6) 22... f5 ({Black should play} 22... hxg3 $15 23. Rxg3 Re7) 23. gxh4 (23. Bg5 $5 {[%cal Rg3h4]}) 23... Nxh4 24. Rg3 f6 25. Bf4 Kf7 26. Qe2 {[#] And now Qh5+ would win.} Rh8 {To avoid Qh5+} 27. Be3 (27. Bd6 $11 {was preferrable.}) 27... Rc7 (27... Rce8 $15 {is more appropriate.}) 28. Rc1 Re7 29. Bf4 g5 30. Bd6 {A strong pair of Bishops.} Ree8 (30... Rd7 $5 {[%cal Rf5f4]}) 31. Qb2 (31. f4 $11 gxf4 32. Bxf4) 31... f4 $15 32. c4 $1 bxc4 33. Bxc4 Qe4 (33... Qxc4 $15 34. Rxc4 Bxc4 35. Bxf4 gxf4 36. Qb7+ Re7 37. Rg7+ Kxg7 38. Qxe7+ Bf7) 34. Ra3 $2 {[%mdl 8192]} (34. Bd3 $11 Qd5 {[#]} 35. Bc4 $1) 34... Nf5 $2 {The board is on fire.} (34... Bxc4 $19 35. Rxc4 Nf5) 35. Rxa7+ $2 {This costs White the game.} ({Much weaker is} 35. f3 Qxd4 36. Qxd4 Nxd4 37. Rxa7+ Kg6 38. Bd3+ Kh5 $19) (35. Bd3 $15 Qd5 36. Rxa7+ Kg6 37. Ra3) 35... Kg6 $19 {aiming for ...Bxc4.} 36. f3 Qxd4 ({Worse is} 36... Qxf3 37. Bxe6 Rxe6 38. Qb7 $11) 37. Bf1 $2 (37. Qxd4 Nxd4 38. Bd3+ Kh5 39. Rd1) 37... Ra8 38. Rxa8 ({But not} 38. Qxd4 Nxd4 39. Bd3+ f5 40. Rxa8 Rxa8 $19) 38... Rxa8 {[%cal Bh8a8,Ba8a2,Ba2d2][%mdl 32] Black is clearly winning.} 39. Qxd4 Rxa2+ 40. Kb1 Nxd4 41. Bd3+ Kf7 42. Re1 (42. Rc4 $142 Nxf3 43. Kxa2) 42... Rd2 {Weighted Error Value: White=0.62/Black=0.22 (precise)} 0-1

[Event "77th Armenian Women Championship 2022"]
[Site "Yerevan"]
[Date "2022.01.17"]
[Round "6.5"]
[White "Khachatryan, Anna"]
[Black "Avetisyan, Mariam"]
[Result "1-0"]
[WhiteElo "2134"]
[BlackElo "2012"]
[Annotator "TA"]
[PlyCount "99"]
[EventDate "2022.01.12"]
[EventType "tourn"]
[EventCountry "ARM"]
[SourceTitle "playchess.com"]
[Source "ChessBase"]
[SourceQuality "1"]

{[%evp 19,99,15,25,25,36,25,54,25,25,18,27,23,25,8,25,4,28,0,0,0,0,0,0,0,9,21,22,12,34,-25,-23,-163,-162,-167,0,0,0,0,0,0,0,-89,-115,-65,-48,-72,16,0,0,0,166,0,15,5,147,139,732,725,1428,1418,2079,758,842,993,994,953,929,997,995,1000,918,787,29976,29976,29973,29970,29991,29992,29992,29993,29993,29991]} 1. d4 Nf6 2. c4 e6 3. Nf3 b6 4. g3 Bb7 5. Bg2 Be7 6. O-O O-O 7. Nc3 Ne4 8. Qc2 Nxc3 9. Qxc3 c5 10. b3 d6 11. Bb2 {E19: Queen's Indian: Old Main Line with 7...Ne4 8 Qc2 Nxc3 8 Qxc3.} Bf6 12. Qc2 {[%cal Of3g5] Threatens to win with Ng5!} Nd7 13. Rfd1 {[%cal Of3g5] White is slightly better.} (13. Ng5 $5 Bxg5 14. Bxb7 $14) 13... Qc7 14. Rac1 Rad8 {[#]} 15. Rd2 $146 ({Predecessor:} 15. e4 Qb8 16. d5 Bxb2 17. Qxb2 exd5 18. exd5 Rfe8 19. Re1 Nf6 20. Qd2 Bc8 21. Qf4 {½-½ (56) Darr,T (2109)-Rodewis,T (2362) Bayern 2014}) 15... a6 {[%cal Ba7a6,Ba6b5][%mdl 32]} 16. Rcd1 h6 17. e4 Rfe8 18. h3 b5 19. cxb5 axb5 20. e5 dxe5 21. dxc5 Bd5 22. b4 (22. Rxd5 exd5 23. b4 (23. Rxd5 e4 $17) 23... Nb6 $1 $17 {[%mdl 512]}) 22... e4 23. Nd4 e3 $1 {[#]} 24. Nxb5 Qb8 $11 25. Rxd5 (25. fxe3 $11 Qxb5 26. c6) 25... exd5 $19 26. a4 exf2+ $2 ({Black should try} 26... d4 $1 $19 {[%cal Rd4d3] Hoping for ...d3!} 27. Be4 (27. Bxd4 Bxd4 28. Nxd4 Qxb4 $19) 27... d3 28. Bxd3 Bxb2) 27. Kxf2 $11 Bxb2 28. Qxb2 {The board is on fire.} Nf6 29. Nd6 {Active counter play!} Re6 30. Bxd5 (30. Qd4 $11) 30... Nxd5 $17 31. Rxd5 {[%cal Bd1d5,Bd5f5,Bf5f6][%mdl 32]} Rf6+ $1 32. Kg1 {[#]} Qa7 (32... Re8 $1 $17 {[%cal Re8e1] aiming for ...Re1+.} 33. Qd2 (33. Nxe8 $2 Qxg3+ 34. Qg2 Qe1+ 35. Kh2 Rg6 $19) (33. b5 Re1+) 33... Rfe6) 33. Qd4 Rg6 (33... Qxa4 $5 34. Ne4 Rxd5 35. Nxf6+ gxf6 36. Qxd5 Qxb4 $14) 34. b5 Qa5 $2 (34... Rxg3+ $11 {and Black stays safe.} 35. Kh2 Rg6) 35. Qf2 $2 ({White should play} 35. Kg2 $18) 35... Rf6 36. Rf5 $36 {[%mdl 2048] Black is under pressure.} Qxa4 (36... Rfxd6 $11 37. cxd6 Rxd6) 37. Rxf6 $16 Qa1+ $2 {[%mdl 8192]} (37... gxf6 $16 38. b6 (38. Qxf6 Qd1+ 39. Kh2 Qe2+ 40. Kg1 Qd1+ 41. Kh2 Qe2+ 42. Kh1 Qd1+ 43. Kg2 Qd5+ 44. Qf3 Qa2+ 45. Kh1 Ra8 $11) 38... Qb4) 38. Qf1 $18 Qd4+ 39. Rf2 Ra8 40. Kh2 {Strongly threatening Rc2.} Ra1 41. Qe2 Qxc5 42. Qe8+ Kh7 43. Qe4+ Kg8 44. Qf4 Ra7 45. b6 Rd7 {[#]} 46. b7 $1 {White mates.} Qb6 {[#]} 47. Rc2 $1 g5 (47... Rxb7 48. Nxb7) 48. Rc8+ Kg7 {[#]} 49. b8=Q $1 {[%mdl 512]} Qxb8 (49... Qg1+ 50. Kxg1) 50. Ne8+ {Never resign too early!  Weighted Error Value: White=0.34/Black=0.38} 1-0

[Event "77th Armenian Women Championship 2022"]
[Site "Yerevan"]
[Date "2022.01.18"]
[Round "7.1"]
[White "Yedigaryan, Asya"]
[Black "Arakelyan, Nare"]
[Result "1/2-1/2"]
[WhiteElo "2022"]
[BlackElo "1912"]
[Annotator "TA"]
[PlyCount "119"]
[EventDate "2022.01.12"]
[EventType "tourn"]
[EventCountry "ARM"]
[SourceTitle "playchess.com"]
[Source "ChessBase"]
[SourceQuality "1"]

{[%evp 24,119,31,44,41,25,35,20,23,-12,304,320,316,295,474,472,455,480,474,479,538,513,515,447,443,404,393,241,244,233,231,235,234,243,215,102,100,105,178,83,231,226,189,174,380,389,355,170,163,143,151,154,256,256,260,264,250,146,165,0,254,249,241,208,732,718,706,700,673,674,632,625,1533,250,327,119,109,7,110,9,46,0,0,0,0,0,0,0,0,0,123,0,0,0,109,0,0,0]} 1. e4 c5 2. Nf3 d6 3. Bb5+ Bd7 4. Bxd7+ Qxd7 5. c4 Nf6 6. Nc3 g6 7. d4 cxd4 8. Nxd4 Bg7 9. f3 O-O 10. Be3 Rc8 11. b3 Nc6 12. O-O Qd8 13. Rc1 a6 {B52: Sicilian: Moscow Variation with 3...Bd7.} 14. a4 Rab8 15. Kh1 {[#]} Nd7 $146 ({Predecessor:} 15... Qa5 16. Nde2 Nd7 17. Nd5 e6 18. Ndc3 Nc5 19. Na2 Rd8 20. Bf2 Ne5 21. f4 Ng4 {0-1 (64) Bondar,D (2048)-Basko,B (2158) Omelnyk 2018}) 16. Na2 b5 $2 {[%mdl 8192]} (16... Bxd4 $11 {and Black has nothing to worry.} 17. Bxd4 b5) 17. Nxc6 $18 Rxc6 18. Nb4 Rcb6 (18... Rcc8) 19. Bxb6 Qxb6 20. cxb5 axb5 21. a5 {[%cal Ba4a5,Ba5a6][%mdl 32]} Qb7 22. a6 Qb6 23. a7 Ra8 24. Nd5 Qd8 25. Qe2 (25. Rc7 e6 26. b4 exd5 27. Qxd5 Qxc7 $18) 25... e6 26. Nc7 ({Weaker is} 26. Qxb5 exd5 27. Qb7 Nc5 28. Qxd5 Na6 $11) 26... Rxa7 27. Nxb5 Ra6 28. f4 Rb6 29. Rfd1 (29. Na7 $18 {and White stays clearly on top. Strongly threatening Rc8.} Nf8 30. Qd3) 29... Qb8 $16 {Prevents Rc8+.} 30. Nd4 {Hoping for Nc6.} Bh6 (30... Nc5 $16) 31. Qf3 (31. Nc6 $18 Qf8 32. Qd2) 31... e5 (31... Qb7 $16) 32. Nc6 Qf8 33. g3 Kg7 $2 (33... exf4 {was worth a try.} 34. gxf4 Qe8) 34. b4 $18 Nb8 35. Nxb8 (35. fxe5 Nxc6 36. Qf2 Qb8 37. Qf6+ Kg8 $15) (35. Na7 $142) 35... Qxb8 36. Rb1 exf4 37. gxf4 d5 (37... Kg8 $16 {might work better.} 38. Rd4 Qb7) 38. Rxd5 Bxf4 39. Qc3+ Kh6 40. Qh3+ Kg7 41. Qc3+ (41. Qd3 $142) 41... Kh6 $1 42. b5 Qe8 43. Qf3 Bb8 (43... Rf6 44. Rf5 Rxf5 45. exf5 Bd6 46. Qh3+ Kg7) 44. Qe3+ Kg7 45. Qd4+ Kh6 46. Rb3 {[%cal Rb3h3] [#]} Qe6 {To avoid Rh3+} 47. Rf3 {aiming for Qd2+.} f6 48. Qc5 $2 (48. Rd7 {Threatening mate with Qe3+.} Rxb5 49. Qe3+ Bf4 50. Qxf4+ g5 51. Qxf6+ Qxf6 52. Rxf6+ Kh5 53. Rxh7+ Kg4 54. Kg2 Rb2+ 55. Rf2) 48... g5 {[%cal Oe6e4]} 49. Qf8+ $2 (49. Rdf5 $18 {Intending Qf8+ and mate.} Bf4 50. Qd5) 49... Kg6 $16 50. Rdf5 ({Better is} 50. h4 $16 gxh4 51. Rdf5) 50... Be5 (50... Bf4 $11 {keeps the balance.}) 51. Qc5 ({Of course not} 51. Rh3 $6 h5 $11) (51. h4 $16 gxh4 52. Qc5) 51... Rd6 $11 52. Rxe5 Rd1+ 53. Rf1 Rxf1+ {[%mdl 4096] Endgame KQR-KQR} 54. Kg2 Qg4+ 55. Kxf1 {[%cal Oe5g5]} Qd1+ $1 56. Kg2 Qg4+ (56... Qe2+ $11 57. Kg3 Qd3+ 58. Kg2 Qe2+ 59. Kh1 Qd1+ 60. Qg1 (60. Kg2 Qe2+ $11) 60... Qf3+ 61. Qg2 Qd1+ 62. Qg1 Qf3+ 63. Qg2 Qd1+ 64. Qg1) 57. Kf1 {[%cal Oe5g5] And now Rxg5+! would win.} Qd1+ $1 58. Kg2 Qg4+ {[#]} 59. Kf1 ({White has to play} 59. Kf2 $1 $16 {[%cal Oe5g5] Rxg5+! is the strong threat.} Qf4+ 60. Ke1 fxe5 61. Qc6+ Kh5 62. Qc4 (62. b6 Qxh2 63. b7 Qb2 $11)) 59... Qd1+ 60. Kg2 {White really could win this.  Weighted Error Value: White=0.57/Black=0.36} 1/2-1/2